000 00724nam a22002177a 4500
003 UA-OsUOA
001 43872
007 ta
008 20070127b un ||||| |||| 00| 0 ukr d
090 _a323.2(477)(091)
_bЗ-12
942 _cBK
040 _aUA-OsUOA
_bukr
_cUA-OsUOA
_dUA-OsUOA
245 _a"За відсутністю складу злочину..."
_bДо історії політичних репресій 20-х початку 50-зх років у Дніпропетровському гірничому інституті
300 _a193 с.
955 _a4
041 _aukr
080 _a323.2(477)(091)
260 _aДніпропетровськ
_bНГУ
_c2004
650 7 _2UDC
999 _c329998
_d329998